Which BFB Finalist? - Statistics

General Stats
  • This quiz has been taken 408 times
    406 since last reset
  • The average score is 12 of 18
Answer Stats
Hint Explanation Answer % Correct
Is afraid of bugs Flower
84%
Has their own Speaker Box Flower
82%
Likes to beatbox Gelatin
82%
Won BFB Flower
81%
Used to be mean Flower
81%
Was a contestant in BFDI Flower
80%
Claims they are 6 years old He confirmed that when Donut told him that he acts like he's 6 years old Gelatin
80%
Has a steakhouse Gelatin
80%
Is a contestant in BFDIA Gelatin
75%
Founded the Newbie Alliance Gelatin
68%
Owns "a BFDI" Flower
57%
Owns "a BFB" Flower gave it to him Gelatin
52%
Has had more than one voice actor Graham Taylor and Ian Woodside Gelatin
51%
Part of the Newbie Alliance Both
49%
Was put on probation Gelatin
49%
Is claustrophobic "There isn't enough room up here" Gelatin
48%
Is the last remaining member of their BFB team Gelatin is in Have Cots, Flower in Have Nots Both
46%
Has a fashion line Gelatin's Shadeshouse and Flower's sweaters Both
13%
No matching quizzes found
Score Distribution
Percent of People with Each Score
Percentile by Number Answered
Your Score History
You have not taken this quiz since the last reset